| 000 | 00354 a2200157 4500 | ||
|---|---|---|---|
| 003 | Nust | ||
| 005 | 20230123121708.0 | ||
| 040 | _cNust | ||
| 082 | _a808.83,SPR | ||
| 100 |
_aSpring,Howard _9107408 |
||
| 245 |
_aHard Facts / _cHoward Spring |
||
| 260 |
_aLondon _bW Smith |
||
| 650 |
_aHard Facts _9107409 |
||
| 651 |
_aNovel _9107410 |
||
| 942 |
_2ddc _cBK |
||
| 999 |
_c186389 _d186389 |
||